| 000 | 00439nam a2200169Ia 4500 | ||
|---|---|---|---|
| 003 | LK-CoDNM | ||
| 005 | 20240806113844.0 | ||
| 008 | 010623t1934 xxu||||| |||| 00| 1 eng d | ||
| 040 |
_aLK-CoDNM _dLK-CoDNM _eLK-CoDNM |
||
| 041 | _aeng | ||
| 080 |
_a16 _bL3 |
||
| 100 | _aBhattacharya,Vidhushekhara. | ||
| 245 | _aThe Basic Conception of Buddhism | ||
| 260 |
_bUniversity of Calcutta _c1934 |
||
| 300 | _bx, 103p. ; 22 cm | ||
| 942 | _cBK | ||
| 999 |
_c97104 _d97104 |
||